|
|
|
|
| LEADER |
01565nam a22003614a 4500 |
| 001 |
5812 |
| 003 |
BD-DhAAL |
| 005 |
20151126001927.0 |
| 008 |
151003s2002 nyua b 001 0 eng |
| 010 |
|
|
|a 00052722
|
| 020 |
|
|
|a 007059032x
|
| 020 |
|
|
|a 0071381317 (electronic bk.)
|
| 020 |
|
|
|a 0071362940 (alk. paper)
|
| 040 |
|
|
|a DLC
|c DLC
|d DLC
|d BD-DhAAL
|
| 050 |
0 |
0 |
|a HD38.2
|b .T76 2002
|
| 082 |
0 |
0 |
|a 658.4/092
|2 21
|
| 100 |
1 |
|
|a Trompenaars, Alfons.
|9 15015
|
| 245 |
1 |
0 |
|a 21 leaders for the 21st century :
|b how innovative leaders manage in the digital age /
|c Fons Trompenaars, Charles Hampden-Turner.
|
| 246 |
3 |
|
|a Twenty-one leaders for the twenty-first century
|
| 260 |
|
|
|a New York ;
|a New Delhi :
|b McGraw-Hill,
|b Tata McGraw-Hill,
|c c2002.
|
| 300 |
|
|
|a x, 497 p. :
|b ill. ;
|c 24 cm.
|
| 504 |
|
|
|a Includes bibliographical references and index.
|
| 530 |
|
|
|a Also available as an electronic book via the World Wide Web to institutions affiliated with netLibrary, Inc.
|
| 541 |
|
|
|e 5812
|
| 650 |
|
0 |
|a Leadership
|v Case studies.
|9 15016
|
| 650 |
|
0 |
|a Industrial management
|v Case studies.
|9 11079
|
| 650 |
|
0 |
|a Corporations
|x Growth
|v Case studies.
|9 15017
|
| 650 |
|
0 |
|a Technological innovations
|x Economic aspects
|v Case studies.
|9 15018
|
| 650 |
|
0 |
|a Success in business
|v Case studies.
|9 15019
|
| 700 |
1 |
|
|a Hampden-Turner, Charles.
|9 15020
|
| 942 |
|
|
|2 ddc
|c BK
|
| 999 |
|
|
|c 35655
|d 35655
|
| 952 |
|
|
|0 0
|1 0
|2 ddc
|4 0
|6 658_400000000000000_092_TRO
|7 0
|9 56069
|a SCL
|b SCL
|c GEN
|d 2015-10-03
|g 750.00
|l 3
|m 13
|o 658.4092 TRO
|p 3020005812
|r 2025-11-25
|s 2025-10-12
|t 1
|w 2015-10-03
|y BK
|